000 00662nam a22002537a 4500
003 CHAP
005 20220329135930.0
008 971013s1937 r 00010 d
010 _a44287
011 _a45259
035 _a49398
040 _cCHAP
082 _a612.0151
_bT35e
100 0 0 _aTauber, Henry.
_9111747
245 _aEnzyme Chemistry
260 _aNew York :
_bWiley,
_c1937
300 _a243 p.
590 _aBATCH-UPD
_b10
_c20130110
_lUCH01
_h1403
590 _aCONVERSION
_b10
_c20130109
_lUCH01
_h1324
650 1 4 _aEnzimas.
_937195
901 _aBK
942 _cLIBRO
949 _a612.0151 T35e
_bBC
_cLIBRO
_d-111448
_eLIBRO
_h18332
_i49398
_si
999 _c44287
_d44287